[Event "TUR-chT 1st League"]
[Site "Ankara"]
[Date "2025.07.20"]
[Round "9.19"]
[White "Ghimpu, Samuel Timotei"]
[Black "Gumularz, Szymon"]
[Result "1/2-1/2"]
[WhiteElo "2415"]
[BlackElo "2597"]
[PlyCount "50"]
[EventDate "2025.07.14"]
[EventType "team-swiss"]
[EventRounds "9"]
[EventCountry "TUR"]
[SourceTitle "CB30_2025"]
[SourceDate "2025.07.23"]
[SourceVersion "1"]
[SourceVersionDate "2025.07.23"]
[SourceQuality "1"]
[WhiteTeam "Samandag Altin"]
[BlackTeam "Galva Metal"]
[WhiteTeamCountry "TUR"]
[BlackTeamCountry "TUR"]

1. e4 c5 2. Nf3 Nc6 3. d4 cxd4 4. Nxd4 g6 5. c4 Nf6 6. Nc3 d6 7. f3 Bg7 8. Be3 0-0 9. Qd2 Nxd4 10. Bxd4 Be6 11. Be2 Qa5 12. Rd1 Rfc8 13. b3 a6 14. 0-0 b5 15. Bxf6 Bxf6 16. Nd5 Qxd2 17. Nxf6+ exf6 18. Rxd2 bxc4 19. Bxc4 Bxc4 20. bxc4 Rxc4 21. Rxd6 Rc2 22. Rf2 Rc1+ 23. Rf1 Rc2 24. Rf2 Rc1+ 25. Rf1 Rc2 1/2-1/2

[Event "TUR-chT 1st League"]
[Site "Ankara"]
[Date "2025.07.19"]
[Round "8.19"]
[White "Ghimpu, Samuel Timotei"]
[Black "Ibrahimli, Murad Sultanali"]
[Result "0-1"]
[WhiteElo "2415"]
[BlackElo "2438"]
[PlyCount "84"]
[EventDate "2025.07.14"]
[EventType "team-swiss"]
[EventRounds "9"]
[EventCountry "TUR"]
[SourceTitle "CB30_2025"]
[SourceDate "2025.07.23"]
[SourceVersion "1"]
[SourceVersionDate "2025.07.23"]
[SourceQuality "1"]
[WhiteTeam "Samandag Altin"]
[BlackTeam "Guzelbahce Satranc"]
[WhiteTeamCountry "TUR"]
[BlackTeamCountry "TUR"]

1. e4 c5 2. Nf3 d6 3. Nc3 a6 4. g3 Bg4 5. h3 Bxf3 6. Qxf3 Nc6 7. Bg2 g6 8. 0-0 Bg7 9. Qd1 Nf6 10. Nd5 Nd7 11. d3 e6 12. Ne3 0-0 13. c3 b5 14. f4 Rb8 15. Bd2 b4 16. Kh1 Qe7 17. g4 h6 18. Be1 g5 19. f5 Rfc8 20. Rc1 Be5 21. Rc2 bxc3 22. bxc3 Bf4 23. Bf2 Qf6 24. Bf3 Be5 25. Qd2 Rc7 26. Ng2 Rcb7 27. d4 cxd4 28. cxd4 Nxd4 29. Bxd4 Bxd4 30. e5 Rb1 31. Bd1 Bxe5 32. Qe2 exf5 33. Rxf5 Qe6 34. Rf1 Bd4 35. Qd3 Bc5 36. Re2 Ne5 37. Qe4 Kg7 38. Ree1 R8b4 39. Qf5 Qxf5 40. gxf5 Kf6 41. Bc2 R1b2 42. Bb3 R2xb3 0-1

[Event "TUR-chT 1st League"]
[Site "Ankara"]
[Date "2025.07.18"]
[Round "6.7"]
[White "Ghimpu, Samuel Timotei"]
[Black "Iskandarov, Misratdin"]
[Result "1/2-1/2"]
[WhiteElo "2415"]
[BlackElo "2534"]
[PlyCount "253"]
[EventDate "2025.07.14"]
[EventType "team-swiss"]
[EventRounds "9"]
[EventCountry "TUR"]
[SourceTitle "CB30_2025"]
[SourceDate "2025.07.23"]
[SourceVersion "1"]
[SourceVersionDate "2025.07.23"]
[SourceQuality "1"]
[WhiteTeam "Samandag Altin"]
[BlackTeam "Yildiz Satranc"]
[WhiteTeamCountry "TUR"]
[BlackTeamCountry "TUR"]

1. e4 c5 2. Nf3 Nc6 3. Bb5 e6 4. Bxc6 bxc6 5. d3 Ne7 6. 0-0 Ng6 7. Re1 Be7 8. Nbd2 f6 9. c3 0-0 10. d4 d5 11. b3 cxd4 12. cxd4 Bd6 13. Qc2 Bd7 14. a4 Qb6 15. Ba3 Bxa3 16. Rxa3 Rac8 17. Raa1 Nf4 18. Qc3 Rfe8 19. e5 c5 20. exf6 gxf6 21. dxc5 e5 22. Qxe5 fxe5 23. cxb6 e4 24. Nd4 axb6 25. Nf1 Kf7 26. Ne3 Kf6 27. g3 Nd3 28. Red1 Ke5 29. Nf3+ Kd6 30. a5 Rc3 31. Nd4 Kc5 32. Ne2 Rxb3 33. axb6 Bb5 34. b7 Rb8 35. Nf4 Nxf4 36. gxf4 d4 37. Ra8 Rxb7 38. Rc8+ Kb6 39. Nf5 d3 40. Nd4 Bd7 41. Nxb3 Bxc8 42. f3 e3 43. Rxd3 Rg7+ 44. Kh1 Re7 45. Rd1 Bb7 46. Nd4 Kc5 47. Kg2 e2 48. Nxe2 Rxe2+ 49. Kg3 Re3 50. Rd7 Rxf3+ 51. Kh4 Be4 52. Kg5 Rf2 53. h4 Kc6 54. Rd4 Bc2 55. h5 Rg2+ 56. Kh6 Rf2 57. Kg5 Kc7 58. Rd5 Bb3 59. Rd4 Kc6 60. Kh6 Kc5 61. Rd7 Bc2 62. Kg5 Rg2+ 63. Kh6 Rf2 64. Kg5 Be4 65. Rd8 Rg2+ 66. Kf6 Rh2 67. Kg5 Bf3 68. f5 Rxh5+ 69. Kf4 Bd5 70. Ke5 Bc6 71. Ke6 Rg5 72. Rh8 Rg7 73. f6 Bd7+ 74. Ke5 Rf7 75. Rg8 Kc6 76. Rg7 Be8 77. Rg8 Kd7 78. Rh8 Kd8 79. Kf5 Rb7 80. Kg5 h5 81. f7 Rxf7 82. Rxh5 Ke7 83. Rh4 Bd7 84. Re4+ Be6 85. Re5 Kd6 86. Re1 Rf5+ 87. Kh4 Ke7 88. Kg3 Kf6 89. Re2 Rb5 90. Kf4 Bd5 91. Rh2 Rb4+ 92. Ke3 Be6 93. Kd3 Ke5 94. Rh5+ Bf5+ 95. Kc3 Rf4 96. Rh8 Rf3+ 97. Kd2 Be4 98. Rb8 Rh3 99. Rb5+ Kd4 100. Rb4+ Kd5 101. Ra4 Bd3 102. Ra8 Bc4 103. Rd8+ Ke4 104. Rf8 Bd5 105. Rd8 Kd4 106. Ke2 Rh2+ 107. Kd1 Rg2 108. Rd7 Ke4 109. Kc1 Bc4 110. Rd2 Rg8 111. Rd7 Bd5 112. Kc2 Kd4 113. Kd2 Ra8 114. Ke2 Ra2+ 115. Kd1 Ke4 116. Kc1 Bc4 117. Rd2 Ra5 118. Kc2 Ke3 119. Rd8 Bd5 120. Rc8 Be4+ 121. Kc3 Ra1 122. Rd8 Rc1+ 123. Kb4 Bc6 124. Rd6 Ke4 125. Rd2 Bd5 126. Kb5 Bc4+ 127. Kc5 1/2-1/2

[Event "TUR-chT 1st League"]
[Site "Ankara"]
[Date "2025.07.18"]
[Round "7.7"]
[White "Gholami, Aryan"]
[Black "Ghimpu, Samuel Timotei"]
[Result "1-0"]
[WhiteElo "2449"]
[BlackElo "2415"]
[PlyCount "91"]
[EventDate "2025.07.14"]
[EventType "team-swiss"]
[EventRounds "9"]
[EventCountry "TUR"]
[SourceTitle "CB30_2025"]
[SourceDate "2025.07.23"]
[SourceVersion "1"]
[SourceVersionDate "2025.07.23"]
[SourceQuality "1"]
[WhiteTeam "Besiktas Jimnastik"]
[BlackTeam "Samandag Altin"]
[WhiteTeamCountry "TUR"]
[BlackTeamCountry "TUR"]

1. c4 e6 2. Nf3 d5 3. e3 Nf6 4. d4 b6 5. Nc3 Bd6 6. Qc2 Bb7 7. cxd5 exd5 8. Nb5 0-0 9. Be2 Bb4+ 10. Bd2 Bxd2+ 11. Nxd2 c6 12. Nc3 Nbd7 13. 0-0 Qe7 14. Bf3 c5 15. Rfd1 Rfd8 16. Nb3 Rac8 17. dxc5 Nxc5 18. Qe2 Ba6 19. Qd2 Nce4 20. Bxe4 dxe4 21. Qe1 Bd3 22. Nc1 Qe5 23. h3 h6 24. Rd2 Rd6 25. Nxd3 Rxd3 26. Rxd3 exd3 27. Rd1 Rd8 28. Qf1 Qf5 29. f3 b5 30. e4 Qc5+ 31. Qf2 Qc4 32. a3 Rd7 33. Qe3 a5 34. Rd2 b4 35. axb4 axb4 36. Nd1 Nh5 37. Nf2 g5 38. Rxd3 Rxd3 39. Nxd3 b3 40. Kh2 Qc2 41. Qd4 Nf4 42. Nxf4 gxf4 43. h4 h5 44. e5 Qc1 45. Qd8+ Kg7 46. Qf6+ 1-0

[Event "TUR-chT 1st League"]
[Site "Ankara"]
[Date "2025.07.16"]
[Round "4.13"]
[White "Berkes, Ferenc"]
[Black "Ghimpu, Samuel Timotei"]
[Result "1/2-1/2"]
[WhiteElo "2613"]
[BlackElo "2415"]
[PlyCount "113"]
[EventDate "2025.07.14"]
[EventType "team-swiss"]
[EventRounds "9"]
[EventCountry "TUR"]
[SourceTitle "CB30_2025"]
[SourceDate "2025.07.23"]
[SourceVersion "1"]
[SourceVersionDate "2025.07.23"]
[SourceQuality "1"]
[WhiteTeam "Moda Spor"]
[BlackTeam "Samandag Altin"]
[WhiteTeamCountry "TUR"]
[BlackTeamCountry "TUR"]

1. d4 Nf6 2. c4 e6 3. Nc3 d5 4. Bg5 Be7 5. e3 h6 6. Bh4 0-0 7. Rc1 c5 8. dxc5 dxc4 9. Qxd8 Rxd8 10. Nf3 Bxc5 11. Bxc4 Bb4 12. Ke2 Nc6 13. a3 Bxc3 14. Rxc3 g5 15. Bg3 Ne4 16. Rd3 Rxd3 17. Bxd3 Nxg3+ 18. hxg3 Kg7 19. b4 Bd7 20. b5 g4 21. bxc6 gxf3+ 22. gxf3 Bxc6 23. e4 Rc8 24. Rc1 Bd7 25. Rxc8 Bxc8 26. e5 Bd7 27. Ke3 b6 28. f4 f5 29. Kd4 Kf8 30. Be2 Kf7 31. Kc4 Ke7 32. Kb4 Bc6 33. Ba6 Kf7 34. a4 Ke7 35. a5 Kf7 36. Be2 Ke7 37. Bd1 Kd8 38. Bb3 Kd7 39. Bc4 Ke7 40. Bf1 Kd8 41. Ba6 Kd7 42. Bd3 Ke7 43. Bc4 Kd7 44. Ba6 Kd8 45. axb6 axb6 46. Kc4 Kc7 47. Kd4 Kd7 48. Be2 Ke7 49. Bh5 Be8 50. Bf3 h5 51. Kc4 Kd8 52. Kb4 Kc7 53. Be2 Kb7 54. Bc4 Bd7 55. Bb3 Kc7 56. Bc2 Kd8 57. Bd1 1/2-1/2

[Event "Bucharest ROM GP"]
[Site "Bucharest"]
[Date "2025.05.11"]
[Round "8"]
[White "Ghimpu, Samuel Timotei"]
[Black "Daianu, Cristian Clement"]
[Result "1-0"]
[WhiteElo "2421"]
[BlackElo "2205"]
[PlyCount "65"]
[EventDate "2025.05.10"]
[EventType "swiss"]
[EventRounds "10"]
[EventCountry "ROU"]
[SourceTitle "CB20_2025"]
[SourceDate "2025.05.14"]
[SourceVersion "1"]
[SourceVersionDate "2025.05.14"]
[SourceQuality "1"]

1. d4 Nf6 2. Nf3 g6 3. Nbd2 d5 4. e3 Bg7 5. b4 0-0 6. c4 a5 7. b5 c5 8. dxc5 dxc4 9. Bb2 Qc7 10. Bxc4 Qxc5 11. Rc1 Qf5 12. 0-0 Nbd7 13. Ba3 Re8 14. Qb3 Ng4 15. Bd3 Qh5 16. h3 Nge5 17. Be2 a4 18. Qb1 Nf6 19. Rfe1 Nxf3+ 20. Bxf3 Qg5 21. Kh1 e5 22. Ne4 Nxe4 23. Bxe4 f5 24. Bd5+ Kh8 25. b6 e4 26. Rc7 Be5 27. Bb2 Qf6 28. Bxe5 Qxe5 29. Rd1 Rd8 30. Bxb7 Bxb7 31. Rxb7 f4 32. exf4 Qc3 33. Rc7 1-0

[Event "Bucharest ROM GP"]
[Site "Bucharest"]
[Date "2025.05.11"]
[Round "6"]
[White "Ghimpu, Samuel Timotei"]
[Black "Tudor, Henry Edward"]
[Result "1/2-1/2"]
[WhiteElo "2421"]
[BlackElo "2376"]
[PlyCount "128"]
[EventDate "2025.05.10"]
[EventType "swiss"]
[EventRounds "10"]
[EventCountry "ROU"]
[SourceTitle "CB20_2025"]
[SourceDate "2025.05.14"]
[SourceVersion "1"]
[SourceVersionDate "2025.05.14"]
[SourceQuality "1"]

1. d4 Nf6 2. Nf3 d5 3. Bf4 e6 4. Nbd2 c5 5. e3 Nc6 6. Bb5 a6 7. Bxc6+ bxc6 8. 0-0 Be7 9. c4 0-0 10. dxc5 Bxc5 11. Qa4 Bd7 12. Rac1 Qb6 13. Nb3 Be7 14. Ne5 Rfc8 15. cxd5 exd5 16. Nd4 Qxb2 17. Nxd7 Nxd7 18. Nxc6 Kf8 19. Rb1 Qf6 20. Nxe7 Qxe7 21. Rfd1 Qe6 22. Qd4 Nf6 23. h3 Kg8 24. Rb6 Qf5 25. Rb7 h6 26. Qe5 Qc2 27. Rf1 Re8 28. Qb2 Rac8 29. Be5 Qxb2 30. Bxb2 Ne4 31. Bd4 Rc2 32. a3 Ra2 33. Rd7 Rxa3 34. Rxd5 Ra2 35. Rf5 Rc8 36. Rb1 Nd2 37. Rd1 a5 38. Rc5 Rxc5 39. Bxc5 a4 40. f3 Rc2 41. Bb4 Nc4 42. Rd8+ Kh7 43. Ra8 Nxe3 44. g4 Nd5 45. Bd6 Ra2 46. Ra7 Kg6 47. h4 Kf6 48. Ra6 Ke6 49. Bf8+ Ke5 50. Ra5 g6 51. Bxh6 Kd4 52. Bg7+ Kc4 53. h5 gxh5 54. gxh5 Nf4 55. h6 Kb4 56. Ra6 Rg2+ 57. Kf1 Rh2 58. Be5 Rh1+ 59. Kf2 Nd3+ 60. Kg2 Rxh6 61. Rxh6 Nxe5 62. f4 Ng6 63. f5 a3 64. fxg6 fxg6 1/2-1/2

[Event "EU-ch 25th"]
[Site "Eforie Nord"]
[Date "2025.03.26"]
[Round "11"]
[White "Ghimpu, Samuel Timotei"]
[Black "Gikas, Andreas Basilius"]
[Result "1-0"]
[WhiteElo "2441"]
[BlackElo "2113"]
[PlyCount "45"]
[EventDate "2025.03.15"]
[EventType "swiss"]
[EventRounds "11"]
[EventCountry "ROU"]
[SourceTitle "CB13_2025"]
[SourceDate "2025.03.26"]
[SourceVersion "1"]
[SourceVersionDate "2025.03.26"]
[SourceQuality "1"]

1. e4 c5 2. Nf3 e6 3. d4 cxd4 4. Nxd4 Nc6 5. Nc3 Qc7 6. a3 a6 7. Be3 d6 8. f4 Nf6 9. Qf3 Be7 10. 0-0-0 0-0 11. Nxc6 Qxc6 12. g4 b5 13. g5 Nd7 14. Rg1 Bb7 15. f5 exf5 16. Nd5 Rfe8 17. exf5 Rac8 18. c3 Bf8 19. Qh3 Kh8 20. Bg2 Qc4 21. Rd4 Bxd5 22. Bxd5 Qe2 23. Qxh7+ 1-0

[Event "EU-ch 25th"]
[Site "Eforie Nord"]
[Date "2025.03.22"]
[Round "7"]
[White "Ghimpu, Samuel Timotei"]
[Black "Petrovic, Aleksa"]
[Result "1-0"]
[WhiteElo "2441"]
[BlackElo "2294"]
[PlyCount "61"]
[EventDate "2025.03.15"]
[EventType "swiss"]
[EventRounds "11"]
[EventCountry "ROU"]
[SourceTitle "CB13_2025"]
[SourceDate "2025.03.26"]
[SourceVersion "1"]
[SourceVersionDate "2025.03.26"]
[SourceQuality "1"]

1. c4 e6 2. g3 d5 3. Bg2 g6 4. Nf3 Bg7 5. d4 Ne7 6. 0-0 0-0 7. cxd5 exd5 8. Nc3 Nbc6 9. h3 h6 10. b3 Nb4 11. Bb2 a5 12. Rc1 Be6 13. Qd2 Nf5 14. Rfd1 h5 15. Ne5 c5 16. Nb5 cxd4 17. Nxd4 Nxa2 18. Nxe6 fxe6 19. Ra1 Nb4 20. Nxg6 Bxb2 21. Nxf8 Bxa1 22. Nxe6 Qf6 23. Bxd5 Kh8 24. Bxb7 Rg8 25. Nf4 Bd4 26. Kg2 Qg7 27. Be4 Bxf2 28. Bxf5 Bb6 29. Ng6+ Kh7 30. Ne5+ Kh8 31. Nf7+ 1-0

[Event "EU-ch 25th"]
[Site "Eforie Nord"]
[Date "2025.03.19"]
[Round "5"]
[White "Ghimpu, Samuel Timotei"]
[Black "Iliaguev, Daniel"]
[Result "1/2-1/2"]
[WhiteElo "2441"]
[BlackElo "2247"]
[PlyCount "37"]
[EventDate "2025.03.15"]
[EventType "swiss"]
[EventRounds "11"]
[EventCountry "ROU"]
[SourceTitle "CB13_2025"]
[SourceDate "2025.03.26"]
[SourceVersion "1"]
[SourceVersionDate "2025.03.26"]
[SourceQuality "1"]

1. d4 d5 2. Nf3 Nf6 3. e3 g6 4. c4 Bg7 5. cxd5 Nxd5 6. e4 Nb6 7. a4 a5 8. Be2 0-0 9. Nc3 Nc6 10. Be3 Bg4 11. d5 Nb4 12. 0-0 Bxf3 13. Bxf3 Nc4 14. Bc1 c6 15. Qe2 cxd5 16. exd5 Ne5 17. Bg5 Rc8 18. Rad1 Qd7 19. Bc1 1/2-1/2

[Event "ROM-ch"]
[Site "Craiova"]
[Date "2025.02.23"]
[Round "9"]
[White "Ghimpu, Samuel Timotei"]
[Black "Sachilaru, Alexandru"]
[Result "1/2-1/2"]
[WhiteElo "2456"]
[BlackElo "2305"]
[PlyCount "40"]
[EventDate "2025.02.15"]
[EventType "swiss"]
[EventRounds "9"]
[EventCountry "ROU"]
[SourceTitle "CB09_2025"]
[SourceDate "2025.02.27"]
[SourceVersion "1"]
[SourceVersionDate "2025.02.27"]
[SourceQuality "1"]

1. e4 e5 2. Bc4 Nf6 3. d3 Nc6 4. Nf3 h6 5. c3 d6 6. a4 g5 7. Qb3 Qe7 8. a5 a6 9. Nbd2 Bg7 10. Nf1 0-0 11. Ng3 Rb8 12. 0-0 Bg4 13. d4 Bxf3 14. gxf3 exd4 15. cxd4 Nxd4 16. Qd1 Qe5 17. Bd2 c5 18. Re1 Rbd8 19. Bc3 d5 20. exd5 Qf4 1/2-1/2

[Event "ROM-ch"]
[Site "Craiova"]
[Date "2025.02.22"]
[Round "8"]
[White "Leu, Dragos Stefan"]
[Black "Ghimpu, Samuel Timotei"]
[Result "0-1"]
[WhiteElo "2180"]
[BlackElo "2456"]
[PlyCount "73"]
[EventDate "2025.02.15"]
[EventType "swiss"]
[EventRounds "9"]
[EventCountry "ROU"]
[SourceTitle "CB09_2025"]
[SourceDate "2025.02.27"]
[SourceVersion "1"]
[SourceVersionDate "2025.02.27"]
[SourceQuality "1"]

1. e4 e5 2. Nf3 Nc6 3. Bc4 Bc5 4. d3 Nf6 5. c3 d6 6. 0-0 h6 7. Re1 0-0 8. h3 a5 9. d4 Bb6 10. Bb3 Re8 11. Bc2 Bd7 12. Be3 a4 13. dxe5 Nxe5 14. Bxb6 Nxf3+ 15. Qxf3 cxb6 16. Na3 Bc6 17. Rad1 Re6 18. Qg3 Qe7 19. f3 Re8 20. c4 Nh5 21. Qf2 Rg6 22. e5 Re6 23. Nb5 dxe5 24. Nc3 Nf4 25. Kh2 a3 26. g3 Nh5 27. b3 Nf6 28. Bf5 Rd6 29. Qxb6 Rxd1 30. Rxd1 Bxf3 31. Rd3 e4 32. Re3 Rd8 33. Qa5 g6 34. Nxe4 Bxe4 35. Bxe4 Re8 36. Kg2 Nxe4 37. Qd5 0-1

[Event "ROM-ch"]
[Site "Craiova"]
[Date "2025.02.21"]
[Round "7"]
[White "Ghimpu, Samuel Timotei"]
[Black "Coicev, Matei Andrei"]
[Result "1/2-1/2"]
[WhiteElo "2456"]
[BlackElo "2286"]
[PlyCount "79"]
[EventDate "2025.02.15"]
[EventType "swiss"]
[EventRounds "9"]
[EventCountry "ROU"]
[SourceTitle "CB09_2025"]
[SourceDate "2025.02.27"]
[SourceVersion "1"]
[SourceVersionDate "2025.02.27"]
[SourceQuality "1"]

1. e4 c6 2. Nf3 d5 3. d3 Bg4 4. h3 Bxf3 5. Qxf3 e6 6. g3 Nd7 7. Qe2 Bd6 8. Bg2 Ne7 9. 0-0 Qc7 10. Nd2 h5 11. d4 e5 12. exd5 cxd5 13. c4 exd4 14. cxd5 Nf6 15. Nc4 0-0 16. Rd1 Nexd5 17. Nxd6 Qxd6 18. Rxd4 Qe6 19. Qd1 Ne7 20. Bxb7 Rab8 21. Bg2 Nf5 22. Rd3 Rfe8 23. b3 a5 24. Bf4 Rbc8 25. Bb7 Rc5 26. Rd8 Rxd8 27. Qxd8+ Kh7 28. Qd3 Nd5 29. Bd2 Nb4 30. Qf3 g6 31. Bxb4 axb4 32. Rd1 Rc3 33. Qe4 Qb6 34. g4 Nd6 35. Qf4 Qxb7 36. Qxd6 Rxh3 37. Qd5 Qe7 38. Kg2 Rh4 39. gxh5 Rxh5 40. Rh1 1/2-1/2

[Event "Izmir Arena IM9"]
[Site "Izmir"]
[Date "2024.12.23"]
[Round "1"]
[White "Doroodgar, Amir Hosein"]
[Black "Ghimpu, Samuel Timotei"]
[Result "1-0"]
[WhiteElo "2371"]
[BlackElo "2475"]
[PlyCount "95"]
[EventDate "2024.12.23"]
[EventType "tourn"]
[EventRounds "9"]
[EventCountry "TUR"]
[EventCategory "2"]
[SourceTitle "CB02_2025"]
[SourceDate "2025.01.08"]
[SourceVersion "1"]
[SourceVersionDate "2025.01.08"]
[SourceQuality "1"]

1. d4 Nf6 2. Nf3 c5 3. g3 cxd4 4. Nxd4 e5 5. Nb3 a5 6. a4 d5 7. Bg2 Be7 8. Bg5 Nbd7 9. 0-0 0-0 10. Nc3 d4 11. Nb5 h6 12. Bxf6 Nxf6 13. f4 Ng4 14. fxe5 Ne3 15. Qd3 Nxf1 16. Rxf1 Ra6 17. Rf4 Re6 18. Re4 Qb6 19. Nd2 Bc5 20. Nc4 Qd8 21. Kh1 b6 22. Nxd4 Ree8 23. e3 Bb7 24. Rf4 Bxg2+ 25. Kxg2 f6 26. Nc6 Qc7 27. Qd5+ Qf7 28. e4 Kh7 29. exf6 Qxd5 30. exd5 Re2+ 31. Kh3 Rxc2 32. f7 g5 33. Re4 Rxf7 34. N6e5 Rff2 35. Kg4 Rxh2 36. d6 Rce2 37. Rxe2 Rxe2 38. d7 Be7 39. Kf5 Kg7 40. Nc6 Rf2+ 41. Ke6 Bf6 42. Nxb6 Re2+ 43. Kd6 g4 44. Nd5 Rd2 45. Ke6 Bg5 46. Nce7 Bxe7 47. Nxe7 Rxd7 48. Nf5+ 1-0

[Event "Izmir Arena IM8"]
[Site "Izmir"]
[Date "2024.12.20"]
[Round "5"]
[White "Hojjatinejad, Ilia"]
[Black "Ghimpu, Samuel Timotei"]
[Result "0-1"]
[WhiteElo "2163"]
[BlackElo "2475"]
[PlyCount "50"]
[EventDate "2024.12.18"]
[EventType "tourn"]
[EventRounds "9"]
[EventCountry "TUR"]
[EventCategory "1"]
[SourceTitle "CB52_2024"]
[SourceDate "2024.12.25"]
[SourceVersion "1"]
[SourceVersionDate "2024.12.25"]
[SourceQuality "1"]

1. e4 c6 2. Nc3 d5 3. Nf3 Bg4 4. Be2 e6 5. d4 Bb4 6. h3 Bh5 7. 0-0 Nf6 8. e5 Nfd7 9. Ng5 Bg6 10. f4 Be7 11. h4 h6 12. Nxe6 fxe6 13. f5 exf5 14. Bh5 Nxe5 15. Bxg6+ Nxg6 16. Qh5 0-0 17. Qxg6 Bf6 18. Be3 Qe8 19. Qg3 Bxh4 20. Qh3 Qe7 21. Rf3 Na6 22. Raf1 Nb4 23. Ne2 Nxc2 24. Nf4 Bg5 25. Bf2 Qe4 0-1

[Event "EU-ch Blitz"]
[Site "Skopje"]
[Date "2024.12.09"]
[Round "11"]
[White "Bernadskiy, Vitaliy"]
[Black "Ghimpu, Samuel Timotei"]
[Result "1-0"]
[WhiteElo "2546"]
[BlackElo "2475"]
[PlyCount "89"]
[EventDate "2024.12.09"]
[EventType "swiss (blitz)"]
[EventRounds "13"]
[EventCountry "MKD"]
[SourceTitle "CB50_2024"]
[SourceDate "2024.11.01"]
[SourceVersion "1"]
[SourceVersionDate "2024.11.01"]
[SourceQuality "2"]

1. Nf3 d5 2. d3 Nf6 3. g3 e6 4. Bg2 b5 5. 0-0 Bb7 6. c4 c6 7. Qc2 Nbd7 8. b3 Bd6 9. Bb2 e5 10. Nh4 0-0 11. Nf5 Bc7 12. Ba3 Re8 13. Nd6 Bxd6 14. Bxd6 c5 15. b4 Qb6 16. bxc5 Nxc5 17. Bxc5 Qxc5 18. Nd2 e4 19. Nb3 Qb4 20. cxb5 Rac8 21. Qd2 Qxb5 22. Rab1 Qd7 23. Qa5 Qc7 24. Qxa7 Ra8 25. Qc5 Qd8 26. Nd4 Ba6 27. dxe4 Nxe4 28. Bxe4 dxe4 29. Rfd1 Qf6 30. Rb6 Qe5 31. Qxe5 Rxe5 32. Nc6 Ree8 33. Rd2 h6 34. a4 e3 35. fxe3 Rxe3 36. Kf2 Ra3 37. a5 Bc4 38. Rdb2 Be6 39. Rb8+ Rxb8 40. Rxb8+ Kh7 41. Rb6 Bd5 42. a6 Bc4 43. Nb4 Rb3 44. a7 Bd5 45. Nxd5 1-0

[Event "EU-ch Blitz"]
[Site "Skopje"]
[Date "2024.12.09"]
[Round "12"]
[White "Ghimpu, Samuel Timotei"]
[Black "Saraci, Nderim"]
[Result "1-0"]
[WhiteElo "2475"]
[BlackElo "2431"]
[PlyCount "167"]
[EventDate "2024.12.09"]
[EventType "swiss (blitz)"]
[EventRounds "13"]
[EventCountry "MKD"]
[SourceTitle "CB50_2024"]
[SourceDate "2024.11.01"]
[SourceVersion "1"]
[SourceVersionDate "2024.11.01"]
[SourceQuality "2"]

1. d4 d5 2. Nf3 Nf6 3. Bf4 Bf5 4. e3 e6 5. Bd3 Bxd3 6. cxd3 c5 7. Qb3 Qb6 8. Nc3 Nc6 9. Nb5 Rc8 10. 0-0 cxd4 11. Nbxd4 Qxb3 12. Nxb3 Be7 13. a3 Nh5 14. Bg5 f6 15. Bh4 g5 16. Bg3 Kd7 17. Rfc1 b6 18. Kf1 g4 19. Nfd4 Nxd4 20. Nxd4 Ng7 21. f3 e5 22. Nb5 a6 23. Nc3 Ke6 24. fxg4 h5 25. gxh5 Rxh5 26. h3 Rg8 27. Bf2 Rg5 28. e4 dxe4 29. Nxe4 Rg6 30. Rc6+ Kf7 31. Rxb6 f5 32. Rxg6 Kxg6 33. Nc5 Bxc5 34. Bxc5 Ne6 35. Be3 f4 36. Bf2 Kf5 37. Rc1 Rd8 38. Ke2 Rg8 39. Kf1 Rd8 40. Rc3 a5 41. b4 axb4 42. axb4 Rb8 43. Rb3 Nc7 44. Bc5 Nb5 45. Rb1 Ra8 46. Rc1 Ra3 47. Ke2 Ra2+ 48. Kf1 Rd2 49. Ra1 Rxd3 50. Ra5 Nc3 51. Ra1 e4 52. Bf2 e3 53. Be1 Nb5 54. Ra5 Rd5 55. Ke2 Ke4 56. Ra8 Nd4+ 57. Kf1 Kd3 58. Rf8 Ke4 59. Re8+ Kd3 60. Rf8 Ne2 61. Ra8 Nc1 62. Rf8 Nb3 63. Rxf4 Nd2+ 64. Kg1 Rd8 65. Rf7 Ra8 66. Rd7+ Ke2 67. Bh4 Ra1+ 68. Kh2 Nf1+ 69. Kg1 Rb1 70. Bg5 Ng3+ 71. Kh2 Nf1+ 72. Kg1 Rxb4 73. h4 Rb1 74. Re7 Kd3 75. Rd7+ Ke4 76. Re7+ Kd3 77. Rd7+ Ke2 78. Re7 Rd1 79. h5 Ng3+ 80. Kh2 Nxh5 81. Rxe3+ Kf1 82. g4 Ng7 83. Re7 Rd5 84. Rxg7 1-0

[Event "EU-ch Blitz"]
[Site "Skopje"]
[Date "2024.12.09"]
[Round "2"]
[White "Navara, David"]
[Black "Ghimpu, Samuel Timotei"]
[Result "1/2-1/2"]
[WhiteElo "2665"]
[BlackElo "2475"]
[PlyCount "174"]
[EventDate "2024.12.09"]
[EventType "swiss (blitz)"]
[EventRounds "13"]
[EventCountry "MKD"]
[SourceTitle "CB50_2024"]
[SourceDate "2024.11.01"]
[SourceVersion "1"]
[SourceVersionDate "2024.11.01"]
[SourceQuality "2"]

1. d4 Nf6 2. c4 e6 3. Nc3 d5 4. cxd5 Nxd5 5. e3 c5 6. Bd3 cxd4 7. exd4 Nxc3 8. bxc3 Qc7 9. Bd2 b6 10. Qg4 Nd7 11. Nf3 Bb7 12. 0-0 h5 13. Qh3 Be7 14. Rfe1 0-0-0 15. Ng5 Bxg5 16. Bxg5 Rde8 17. a4 Kb8 18. a5 e5 19. axb6 axb6 20. Bf5 Nf6 21. Qh4 Nd5 22. dxe5 Rxe5 23. Rxe5 Qxe5 24. Qg3 Qxg3 25. hxg3 g6 26. Bd7 f6 27. Bd2 Rd8 28. Bb5 Nc7 29. Bf4 g5 30. Bxc7+ Kxc7 31. f3 Rd2 32. Re1 g4 33. Re7+ Kc8 34. Re8+ Kc7 35. Re7+ Kc8 36. Rf7 gxf3 37. gxf3 Bxf3 38. Rxf6 Bb7 39. Kf1 Rc2 40. Rf8+ Kc7 41. Rf7+ Kc8 42. c4 Rc3 43. Kf2 Rc2+ 44. Ke3 Rc3+ 45. Kd4 Rxg3 46. Bd7+ Kb8 47. Ke5 Re3+ 48. Kd6 Rd3+ 49. Ke5 h4 50. Rh7 Re3+ 51. Kd6 Rd3+ 52. Ke5 Re3+ 53. Kd4 Re4+ 54. Kc3 Rf4 55. Kb4 Ba6 56. Be6 Re4 57. Bd5 Rf4 58. Rh6 Kc7 59. Rc6+ Kd7 60. Rxb6 Bxc4 61. Bxc4 Ke7 62. Rh6 Rg4 63. Kc5 Rg5+ 64. Bd5 Rg4 65. Re6+ Kf8 66. Kd6 Kg7 67. Be4 h3 68. Re7+ Kf6 69. Re6+ Kg5 70. Re8 Kf4 71. Kd5 Rh4 72. Rf8+ Ke3 73. Rf3+ Ke2 74. Ra3 h2 75. Bh1 Kf2 76. Ke5 Kg1 77. Ra1+ Kf2 78. Kf5 Rh8 79. Be4 Rf8+ 80. Kg4 Rg8+ 81. Kf4 Rf8+ 82. Bf5 Rxf5+ 83. Kxf5 Kg2 84. Kg4 h1Q 85. Ra2+ Kg1 86. Ra1+ Kg2 87. Rxh1 Kxh1 1/2-1/2

[Event "EU-ch Rapid"]
[Site "Skopje"]
[Date "2024.12.08"]
[Round "7"]
[White "Ghimpu, Samuel Timotei"]
[Black "Sarana, Alexey"]
[Result "0-1"]
[WhiteElo "2475"]
[BlackElo "2674"]
[PlyCount "114"]
[EventDate "2024.12.07"]
[EventType "swiss (rapid)"]
[EventRounds "11"]
[EventCountry "MKD"]
[SourceTitle "CB50_2024"]
[SourceDate "2024.11.01"]
[SourceVersion "1"]
[SourceVersionDate "2024.11.01"]
[SourceQuality "2"]

1. e4 c5 2. Nf3 d6 3. d4 Nf6 4. Nc3 cxd4 5. Nxd4 a6 6. a4 e5 7. Nf3 Nc6 8. Bg5 Be6 9. Nd2 Rc8 10. Nd5 Bxd5 11. exd5 Ne7 12. Bc4 Nd7 13. 0-0 h6 14. Bxe7 Bxe7 15. a5 0-0 16. Be2 f5 17. Nc4 e4 18. f4 exf3 19. Rxf3 Ne5 20. Rf4 Bg5 21. Rd4 Qf6 22. c3 Nxc4 23. Rxc4 Be3+ 24. Kh1 Rxc4 25. Bxc4 Qh4 26. Qf3 Qxc4 27. Qxe3 Qxd5 28. Qe2 Qe4 29. Qxe4 fxe4 30. Kg1 Rf5 31. Re1 d5 32. c4 dxc4 33. Rxe4 Rxa5 34. Rxc4 Rb5 35. b4 Kf7 36. Kf2 Ke6 37. Ke3 Kd6 38. h4 Re5+ 39. Kd3 g5 40. hxg5 hxg5 41. Rc8 Kd7 42. Rc4 Rb5 43. Kc3 Rf5 44. Kd3 Kd6 45. Rc8 Rf4 46. Rc5 Rg4 47. Ra5 Rxg2 48. b5 axb5 49. Rxb5 Kc6 50. Rf5 b5 51. Kd4 Kb6 52. Rf1 Rg3 53. Rb1 g4 54. Ke4 Kc5 55. Kf4 Rg2 56. Rc1+ Kb4 57. Rb1+ Kc4 0-1